| 000 | 00925nam a22001937a 4500 | ||
|---|---|---|---|
| 999 |
_c6455 _d6455 |
||
| 003 | AR-CdUCM | ||
| 008 | 190318b ||||| |||| 00| 0 spa d | ||
| 020 | _a84-7056-164-2 | ||
| 040 |
_aMUNICIPALIDAD PROVINCIAL DEL CUSCO _cBIBLIOTECA MUNICIPAL DEL CUSCO |
||
| 082 |
_a030 / _bC88 |
||
| 245 | _aDiccionario enciclopédico universal ilustrado / | ||
| 260 |
_aBarcelona : _bCredsa, _c1976. |
||
| 300 |
_a12 tomos ; _c27 cm. |
||
| 505 | _aContenido: Tomo I: A- Atón --Tomo II: Atona - Catherin -- Tomo III: Catí - Detractar --Tomo IV: Detractor - Florescencia -- Tomo V: Floresta - Ignorar -- tomo VII: Mainland - Obrajero -- Tomo VIII: Obrar - Pontín -- Tomo IX: Pontina - Romanche -- Tomo X: Romanear - Suria -- Tomo XI: Surigao - Vallfogona -- Tomo XII: Vallgorguina - Zyrianos Tomo XIII: Vocabularios | ||
| 650 |
_aDiccionario ilustrado _918301 |
||
| 650 |
_aEnciclopedia _918075 |
||
| 942 |
_2ddc _cLIBROS |
||
| 945 | _aafb | ||